000 00368nam a22001577a 4500
003 CEME
005 20210628203642.0
008 210318b xxu||||| |||| 00| 0 eng d
040 _c.
082 _a0333 WAS
100 _aWelch Frank
_966714
245 _aIntegrated computer network system
260 _aRAWALPINDI
_bPDF
_c1992
300 _aPDF
942 _cBK
_2ddc
999 _c574632
_d574632